03415cam a22003978i 450000100090000000300050000900500170001400800410003101000170007202000300008904000290011904200080014805000260015608200340018210000290021624501360024525000190038126300090040026400590040930000290046833600260049733700280052333800270055150000200057850513630059852006830196165000270264465000270267165000210269865000240271965000340274370000410277770000290281870000280284777601420287522862304CSPC20250602094114.0221110s2023 nju 001 0 eng  a 2022054469 a9781119835202q(hardback) aDLCbengerdacDLCdCSPC apcc00aHF5415.13b.K635 202300a658.8bK848e223/eng/202211101 aKotler, Philip,eauthor.10aEntrepreneurial marketing :bbeyond professionalism to creativity, leadership, and sustainability /cPhilip Kotler, [and 3 others]. aFirst edition. a2303 1aHoboken, New Jersey :bJohn Wiley & Sons, Inc.,c2023. axvi, 266 pages ;c24 cm. atextbtxt2rdacontent aunmediatedbn2rdamedia avolumebnc2rdacarrier aIncludes index.0 aPrologue: Marketing in the post-normal era -- The omnihouse model: a holistic perspective of entrepreneurial marketing -- From professional to entrepreneurial marketing: the core elements of the omnihouse model -- Rethinking competition: collaborating for sustainability -- Navigating customers: progressive approach for stronger market position -- Unifying capabilities: converging mindsets within an organization -- Integrating functions: converging departments within an organization -- Converging creativity and productivity: from idea generation to capital optimization -- Creativity and the balance sheet: securing funding for imaginative capabilities -- Converging innovation and improvement: solution-centric approach for higher profit margin -- Converging leadership and management: maintaining: maintaining values and increasing market value -- Finding and seizing opportunities: from business outlook to marketing architecture -- Building omni capabilities: from preparation to execution -- Securing future trajectory: from balance sheet to market value -- Uniting marketing and finance: from separation to integration -- Technology for humanity: high tech, higher touch -- Technology and stakeholders: leveraging tools to increase value -- The post-operational excellence: balancing rigidity and flexibility -- Epilogue: Visioning the next curve. a"Marketing legend Phil Kotler and his colleagues explain why the conventional "professional" approach to marketing is no longer enough. Marketers must be more entrepreneurial, creative, and risk-taking, if they are to adapt to the challenges of the post-pandemic digital world. Entrepreneurial Marketing explains the basics of professional marketing and marketing operations, but also how this foundation must support entrepreneurial thinking and risk-taking. This marriage of professional and entrepreneurship is the new capability marketers need to grow their companies in the next ten years. Each chapter starts with a global or regional case study"--cProvided by publisher. 0aMarketingxManagement. 0aOrganizational change. 0aDecision making. 0aStrategic planning. 0aCreative ability in business.1 aKartajaya, Hermawan,d1947-eauthor.1 aHooi, Den Huan,eauthor.1 aMussry, Jacky,eauthor.08iOnline version:aKotler, Philip.tEntrepreneurial marketingbFirst edition.dHoboken, NJ : Wiley, [2023]z9781119835448w(DLC) 2022054470